LEADER 01602nam 2200409 450 001 000016008 005 20050718115600.0 010 $a0-8247-7019-6 100 $a20030829d1983----km-y0itay0103----ba 101 0 $aeng 102 $aUS 200 1 $aOptimization$etheory and algorithms$fedited by Jean-Baptiste Hiriart-Urruty, Werner Oettli, Josef Stoer 210 $aNew York ; Basel$cMarcel Dekker$dc1983 215 $aXII, 253 p.$d26 cm. 225 2 $aLecture notes in pure and applied mathematics$v86 410 0$12001$aLecture notes in pure and applied mathematics 606 $aOttimizzazione matematica 676 $a511$v(21. ed.)$9Principi generali della matematica 691 $a49-XX$9Calculus of variations and optimal control; optimization 691 $a65K10$9Numerical analysis. Mathematical programming, optimization and variational techniques. Optimization and variational techniques 702 1$aHiriart-Urruty,$bJean-Baptiste 702 1$aOettli,$bWerner 702 1$aStoer,$bJosef 801 0$aIT$bUniversità della Basilicata - B.I.A.$gRICA$2unimarc 912 $a000016008 996 $aOptimization$980052 997 $aUNIBAS BAS $aMONSCI BAS $aSCIENZE CAT $aEXT002$b01$c20030829$lBAS01$h1351 CAT $c20050601$lBAS01$h1755 CAT $abatch$b01$c20050718$lBAS01$h1052 CAT $c20050718$lBAS01$h1112 CAT $c20050718$lBAS01$h1142 CAT $c20050718$lBAS01$h1156 FMT Z30 -1$lBAS01$LBAS01$mBOOK$1BASA2$APolo Tecnico-Scientifico$2GEN$BCollezione generale$3MAT$663372$5S63372$820030829$f51$FRiservati